Online katalóg knižníc regiónu Turca

Candide (Record no. 20428)

MARC details
000 -LEADER
fixed length control field 01135nam a2200385 a 4500
001 - CONTROL NUMBER
control field 20428
003 - CONTROL NUMBER IDENTIFIER
control field VRT
005 - DATE AND TIME OF LATEST TRANSACTION
control field 20260122135444.0
008 - FIXED-LENGTH DATA ELEMENTS--GENERAL INFORMATION
fixed length control field 961209q1995 xo p 000 1 slo c
020 ## - INTERNATIONAL STANDARD BOOK NUMBER
International Standard Book Number 8088834325 (brož.)
035 ## - SYSTEM CONTROL NUMBER
System control number UKB000210383
040 ## - CATALOGING SOURCE
Original cataloging agency BAA001
Language of cataloging slo
Transcribing agency BAA001
Description conventions AACR2
041 1# - LANGUAGE CODE
Language code of text/sound track or separate title slo
Language code of original fre
044 ## - COUNTRY OF PUBLISHING/PRODUCING ENTITY CODE
MARC country code xo
ISO country code SK
080 ## - UNIVERSAL DECIMAL CLASSIFICATION NUMBER
Universal Decimal Classification number 840-32
100 0# - MAIN ENTRY--PERSONAL NAME
Personal name Voltaire,
Dates associated with a name 1694-1778
243 10 - COLLECTIVE UNIFORM TITLE
Uniform title <a href="Klasicistická próza">Klasicistická próza</a>
245 00 - TITLE STATEMENT
Title Candide
Statement of responsibility, etc. Voltaire ; [prel. Ladislav Šimonič]
260 ## - PUBLICATION, DISTRIBUTION, ETC.
Place of publication, distribution, etc. Rohovce
Name of publisher, distributor, etc. Interpopulart Slovakia
Date of publication, distribution, etc. [1995]
300 ## - PHYSICAL DESCRIPTION
Extent 92 s
490 1# - SERIES STATEMENT
Series statement Populart. Študentská knižnica
Volume/sequential designation 33
500 ## - GENERAL NOTE
General note Klasicistická próza
504 ## - BIBLIOGRAPHY, ETC. NOTE
Bibliography, etc. note Bibliogr. s. 90
650 07 - SUBJECT ADDED ENTRY--TOPICAL TERM
Topical term or geographic name entry element literatúra francúzska klasicistická
650 07 - SUBJECT ADDED ENTRY--TOPICAL TERM
Topical term or geographic name entry element poviedky
653 ## - INDEX TERM--UNCONTROLLED
Uncontrolled term 840-32
700 1# - ADDED ENTRY--PERSONAL NAME
Personal name Šimonič, Ladislav
Relationship trl
760 1# - MAIN SERIES ENTRY
Title Populart. Študentská knižnica
830 #0 - SERIES ADDED ENTRY--UNIFORM TITLE
Uniform title Populart. Študentská knižnica
Volume/sequential designation 33
910 ## - USER-OPTION DATA (OCLC)
User-option data ukb
942 ## - ADDED ENTRY ELEMENTS (KOHA)
Source of classification or shelving scheme Dewey Decimal Classification
Koha item type Krásna literatúra pre dospelých
Suppress in OPAC No
949 ## - LOCAL PROCESSING INFORMATION (OCLC)
6 1800009266
a 30.D.66685
b PV.5685-96
949 ## - LOCAL PROCESSING INFORMATION (OCLC)
6 1800009265
a SL.D.24708
b PV.5686-96
949 ## - LOCAL PROCESSING INFORMATION (OCLC)
6 1800065043
a 30.D.66685
b NA.243-99
Holdings
Stav vyradenia Strata Poškodenie Spôsob nadobudnutia Domovská knižnica Aktuálna knižnica Dátum nadobudnutia Total checkouts Čiarový kód exemplára Date last seen Typ exemplára
      Dar Obecná knižnica Horná Štubňa Obecná knižnica Horná Štubňa 22.01.2026   8088834325 22.01.2026 Krásna literatúra pre dospelých
Projekt je podporený Slovenskou asociáciou knižníc
Prevádzkuje Turčianska knižnica Martin 2026